[Event "BCF-ch U140"]
[Site "Coventry"]
[Date "2015.07.30"]
[Round "4"]
[White "Stephens, Carl"]
[Black "Anika, Rachna Roy"]
[Result "1-0"]
[WhiteElo "113"]
[BlackElo "1173"]
[PlyCount "117"]
[EventDate "2015.07.27"]
[EventType "swiss"]
[EventRounds "5"]
[EventCountry "ENG"]
[SourceTitle "EXT 2016"]
[Source "ChessBase"]
[SourceDate "2015.10.08"]
[SourceVersion "1"]
[SourceVersionDate "2015.10.08"]
[SourceQuality "1"]

1. e4 e5 2. Nf3 Nc6 3. d4 exd4 4. Nxd4 Bc5 5. Be3 Qf6 6. c3 Qe5 7. Nxc6 dxc6 8. Bxc5 Qxc5 9. Qd4 Qg5 10. Nd2 Nf6 11. g3 0-0 12. f4 Qa5 13. Nb3 Qb6 14. 0-0-0 Bg4 15. Rd2 Qxd4 16. Rxd4 Bf3 17. Rg1 Bxe4 18. Nc5 Rfe8 19. Nxb7 Rab8 20. Nc5 Rb5 21. Nxe4 Nxe4 22. Bxb5 cxb5 23. Rgd1 Nd6 24. b3 f6 25. g4 Re2 26. R1d2 Re1+ 27. Kb2 Rg1 28. f5 g6 29. h3 Rg3 30. R2d3 Rg2+ 31. Ka3 Rf2 32. fxg6 hxg6 33. h4 Rh2 34. g5 f5 35. Rd2 Rh3 36. Kb4 Rh1 37. Rxd6 cxd6 38. Rxd6 Rxh4+ 39. Kxb5 Kg7 40. Rd7+ Kf8 41. Rxa7 f4 42. Ra4 Rh3 43. Rxf4+ Kg7 44. c4 Rg3 45. c5 Rxg5 46. Kb6 Re5 47. c6 Re6 48. Kb7 Re7+ 49. c7 g5 50. Rf2 Rd7 51. Kb8 Rf7 52. Rxf7+ Kxf7 53. c8Q g4 54. Qxg4 Ke7 55. Kc7 Kf6 56. Kd6 Kf7 57. Qf5+ Kg7 58. a4 Kh8 59. a5 1-0